| 000 | 00391nam a2200169Ia 4500 | ||
|---|---|---|---|
| 005 | 20240823033350.0 | ||
| 008 | 240823s9999||||xx |||||||||||||| ||und|| | ||
| 082 | _A621.8 M7 | ||
| 100 | _aMouleeswaran M A | ||
| 245 | 0 | _aMachines I | |
| 250 | _a1st | ||
| 260 |
_c1987 _b"Pratheeba,Coimbatore" |
||
| 500 | _aTRANSFERED | ||
| 650 |
_aMachine _bMechanical |
||
| 942 | _cBK | ||
| 999 |
_c195641 _d195641 |
||